01260nam a2200361 a 450000100060000000300080000600500170001400600190003100700150005000800410006502000180010603500230012403500240014703500250017103500210019604000260021705000200024308000080026308200120027110000220028324501230030526000470042830000110047553301640048665000360065065000470068665500270073370000190076070000210077971000190080085600620081999900170088147961FlNmELB20241216231916.0m o d | cr cn|||||||||201109r2010 sp |||||s|||||||||||spa d z9788479423643 a(MiAaPQ)EBC3194909 a(Au-PeEL)EBL3194909 a(CaPaEBR)ebr10491393 a(OCoLC)929291734 aFlNmELBbspacFlNmELB 4aQA76bC112 2010 a00404a0042221 aCaballero, Pilar.10aTratamiento informático de la informaciónh[recurso electronico] /cPilar Caballero, César Mena, José Murillo. a[Madrid] :bMacmillan Profesional,c[2010] a334 p. aRecurso electrónico. Santa Fe, Arg.: e-libro, 2015. Disponible vía World Wide Web. El acceso puede estar limitado para las bibliotecas afiliadas a e-libro. 0aInformáticaxLibros de texto. 0aComputer sciencexHandbooks, manuals, etc. 4aLibros electrónicos.1 aMena, César.1 aMurillo, José.2 ae-libro, Corp.40uhttps://elibro.net/ereader/politecnicointernacional/52805 c47961d47961